Statistics for Santa Fe - Newsies The Musical - Lyrics

Click here to take the quiz!

General Stats

  • This quiz has been taken 69 times
  • The average score is 164 of 286

Answer Stats

Answer% Correct
a
88%
go
85%
go!
85%
new
85%
got
82%
the
82%
Folks,
79%
head
79%
headline
79%
I
79%
to
79%
we
79%
as
76%
at
76%
Fe,
76%
Fe
76%
finally
76%
me
76%
Santa
76%
and
74%
And
74%
"Newsies
74%
are
71%
attack"
71%
away
71%
Bulls
71%
just
71%
Just
71%
Let
71%
When
71%
close
68%
eyes
68%
guy
68%
it
68%
my
68%
no
68%
No
68%
so
68%
they
68%
you
68%
crushed
65%
do,
65%
do
65%
Far
65%
good
65%
in
65%
Jack
65%
old
65%
on
65%
Thanks
65%
today
65%
Where
65%
where
65%
won't
65%
bleedin',
62%
come
62%
Crutchie's
62%
fallin'
62%
his
62%
I'm
62%
more
62%
of
62%
some
62%
wants
62%
captain
59%
Captain
59%
crip's
59%
die
59%
fightin',
59%
find
59%
for
59%
gone
59%
here
59%
slow
59%
calling
56%
can't
56%
cant
56%
damn
56%
day
56%
denyin'
56%
done
56%
Dumb
56%
get
56%
moon
56%
night
56%
remind
56%
right
56%
runnin',
56%
say
56%
Somewhere
56%
that's
56%
tomorrow
56%
too
56%
ain't
53%
be
53%
big
53%
Dreams
53%
ever
53%
Guys
53%
live
53%
pay
53%
true
53%
turns
53%
Why
53%
yellow
53%
your
53%
bound
50%
break?
50%
catch
50%
does
50%
fat
50%
gotta
50%
into
50%
lyin'
50%
should
50%
Yeah
50%
city's
47%
grey
47%
looks
47%
sleepin'
47%
there
47%
train
47%
if
44%
If
44%
life
44%
man
44%
whole
44%
don't
41%
our
41%
seventeen?
41%
spend
41%
take
41%
what
41%
even
38%
friend
38%
future,
38%
is
38%
Not
38%
all
35%
from
35%
livin'
35%
lousy
35%
ole'
35%
only
35%
seem
35%
ya,
35%
you're
35%
air
32%
back
32%
'bout
32%
brand
32%
Breaking
32%
care
32%
dead
32%
dreamin'
32%
else's
32%
face,
32%
fresh
32%
how
32%
I'll
32%
laugh
32%
need
32%
nothin'
32%
sake
32%
someone
32%
space
32%
trapped
32%
any
29%
change
29%
'em
29%
gettin'
29%
given?
29%
headlines
29%
inclined
29%
scene?
29%
start
29%
suit
29%
Though
29%
wanna
29%
younger
29%
askin'
26%
between
26%
deadlines
26%
paintin'
26%
real
26%
Cause
24%
count
24%
know
24%
place,
24%
Save
24%

Score Distribution

Percentile by Number Answered

Percent of People with Each Score

Your Score History

You have not taken this quiz